000 00649cam a2200181 4500
001 X103571
008 000000n2000 000 0 eng u
035 _a(Sirsi) u103571
245 _aPalomo v Turner & Co
260 _c2000
490 _aNew Property Cases
_v [1999] NPC 114
520 _aCA 27 July 1999. Solicitors Act 1974. Client's entitlement to challenge bill if costs after period of taxation has expired. TAKEN FROM JOURNAL HEADNOTE. NO PHOTOCOPYING ALLOWED.
650 _aSOLICITORS ACT 1974
650 _aPALOMO V TURNER & CO
650 _aTAXATION
690 _aMANAGEMENT-BUSINESS MANAGEMENT-PROFESSIONAL PRACTICE
942 _n0
999 _c62209
_d62209